000
00338nam a2200145Ia 4500
008
150201s2008 xx 000 0 und d
082
_a
618.92
_b
P08K
100
_a
KUMAR, R.K.
245
_a
PEDIATRIC CARDIALOGY
250
_a
1ST
260
_b
JAYPEE BROTHERS
_a
DELHI
_c
2008
300
_a
1-320
650
_a
PAEDIATRICS
942
_2
ddc
_c
BK
_0
2
999
_c
65
_d
65